|
|
|
|
| LEADER |
00000nam a22000007a 4500 |
| 005 |
2022091602232.0 |
| 007 |
cr|||| |||| |
| 008 |
220916s2018 us |||||s|||| 00||0 eng d |
| 020 |
|
|
|a 978-1-58576-191-3
|
| 035 |
|
|
|a 36365
|
| 040 |
|
|
|a vLex
|
| 090 |
|
|
|c 13915
|d 13915
|
| 100 |
1 |
|
|a Hill, Barry E.
|
| 245 |
1 |
0 |
|a Environmental justice
|h [Recurso electrn̤ico] :
|b legal theory and practice /
|c Barry E. Hill
|
| 250 |
|
|
|a 4ta. Edicin̤
|
| 256 |
|
|
|a Servicio en ln̕ea
|
| 260 |
|
|
|a Washington DC:
|b Environmental Law Institute,
|c 2018
|
| 300 |
|
|
|a 1 recurso electrn̤ico
|
| 500 |
|
|
|a Environmental Justice: Legal Theory and Practice provides a thought-provoking exposition and comprehensive review of the complex mixture of environmental laws and civil rights legal theories that are central to this still-evolving area of law. The book, now in its 4th edition, includes all of the significant cases and developments that have occurred since the prior edition. Readers will come away with a deep understanding of the dynamics of environmental justice and gain insight as to how best to address the issue through enlightened leadership in our communities, government agencies, state bar associations, law offices and legal services providers, law school clinics and academic institutions, and corporations.
|
| 506 |
1 |
|
|a Disponible solo en los productos indicados
|d vLex Global
|d vLex Global (Academic Edition, excluding Law Schools)
|d vLex Global (Academic Edition, Law Schools)
|
| 650 |
0 |
4 |
|a Derecho del Medio Ambiente
|z Estados Unidos
|
| 740 |
0 |
|
|a vLex Libros (Servicio en ln̕ea)
|
| 856 |
4 |
0 |
|u https://app.vlex.com/#/sources/36365
|z Acceso restringido
|
| 942 |
|
|
|c BOOK
|
| 999 |
0 |
|
|a Environmental Law
|